Paroles - Lujipeka - Puzzle - Statistiques

Statistiques générales
  • Ce quiz a été pris 35 fois
  • Le résultat moyen est 203 sur 355
Statistiques - réponses
Réponse % Correct
puzzle
87%
Si
87%
si
87%
Les
78%
les
78%
Ne
78%
pas
78%
se
78%
Se
78%
tu
78%
Tu
78%
à
74%
du
74%
Du
74%
la
74%
La
74%
normal
74%
seul
74%
n'es
70%
Que
70%
tes
70%
t'es
70%
Un
70%
un
70%
ces
65%
c'est
65%
C'est
65%
en
65%
par
65%
peu
65%
pièces
65%
sans
65%
sur
65%
t'sens
65%
vie
65%
au
61%
d'en
61%
fais
61%
incompris
61%
l'infini
61%
mal
61%
quand
61%
Quand
61%
rêves
61%
t'en
61%
tous
61%
Tous
61%
ça
57%
comprendre
57%
deux
57%
dors
57%
et
57%
Et
57%
être
57%
Être
57%
fini
57%
finissent
57%
nuit
57%
on
57%
partout
57%
peut
57%
plus
57%
seuls
57%
solitaires
57%
terre
57%
yeux
57%
bien
52%
dessous
52%
ensemble
52%
jours
52%
lit
52%
miel
52%
moins
52%
mon
52%
pour
52%
précieux
52%
puis
52%
Puis
52%
Qui
52%
qui
52%
quoi
52%
seum
52%
sourire
52%
vois
52%
aux
48%
bas
48%
bordel
48%
calme
48%
dans
48%
Deviennent
48%
faire
48%
J'troquerais
48%
larmes
48%
lumière
48%
lune
48%
moments
48%
Passer
48%
rencontre
48%
rire
48%
ta
48%
ton
48%
tunnel
48%
une
48%
Une
48%
vinaigre
48%
belle
43%
d'sun
43%
monde
43%
Nickel
43%
re-nickel
43%
sel
43%
bulle
39%
croisent
39%
Mais
39%
pénombre
39%
quotidien
39%
Chez
35%
ciel
35%
comme
35%
face
35%
foncé
35%
gris
35%
laisses
35%
rails
35%
rien
35%
voisins
35%
adulte
30%
d'être
30%
marcher
30%
qu'tu
30%
raison
30%
rayon
30%
soirée
30%
toi
30%
devenir
26%
Devenir
26%
tard
26%
t'remets
26%
cellule
22%
nul
22%
n'voulait
22%
ont
22%
petite
22%
poussé
22%
pousse
22%
toutes
22%
d'la
17%
faut
17%
fleurs
17%
mieux
17%
pluie
17%
poussent
17%
qu'elles
17%
réveiller
17%
somnambule
17%
courir
13%
dois
13%
D'une
13%
t'refais
9%
Aucun quiz correspondant
Distribution des résultats
% des personnes avec chaque résultat
Percentile par nombre de réponses
Votre historique - résultats
Vous n’avez pas pris ce quiz